01547cam a22004097a 4500003000500000005001700005008004100022010001000063011001000073020001500083035001100098040000900109082001500118100003100133245008800164260004400252300004000296490005000336590004100386590004100427590004100468590004100509590004100550590004200591650003500633650004400668700003400712700003100746830005800777901000700835905002400842911001300866942001000879949008600889999001700975952014500992CHAP20220329143008.0050606d2000 us ad r 00110 eng d a90425 a91397 a0849310350 a101955 cCHAP04a636.4bB6500aBollen, Peter J. A.91357914aThe laboratory swinec/by Peter J. A. Bollen, Axel K. Hansen and Helle J. Rasmussen aBoca Raton, Florida :bCRC Press,c2000 a135 p. :bilus. ; gráfs. ; tablas 4aThe laboratory animal pocket reference series aBATCH-UPDb10c20130110lUCH01h0115 aBATCH-UPDb10c20130110lUCH01h0708 aBATCH-UPDb10c20130110lUCH01h2346 aBATCH-UPDb10c20130410lUCH01h1327 aBATCH-UPDb10c20130914lUCH01h0337 aCONVERSIONb10c20130109lUCH01h135014aAnimales de laboratorio.9588014aGanado porcinoxInvestigación.9453770 aHansen, Axel Kornerup.9525640 aRasmussen, Helle J.99471704aThe laboratory animal pocket reference series9112675 aBK aMarco A. Mendoza T. aCustodia cLIBRO a636.4 B65bBCcLIBROd33724000951992eLIBROgI.224491h105972i101955stt$647.00 c90425d90425 00102ddc4052708GRALaBCbBCcPP_GRALd2019-12-31eI.224491fLIBROl0o636.4 B65p33724000951992r2019-12-31 00:00:00w2019-12-31yLIBRO